000 00730nam0a22002531 4500
001 rc\181250
005 20250620222418.0
035 _a(NLR Aleph) 005440562
090 _a4752848
_c4752848
100 _a20030307d1997 |||y0rusy50 ca
101 0 _arus
102 _aRU
105 _aa |||||||||
200 1 _aНачала финансовой математики
210 _aМ.
_cИзд. дом "ИНФРА-М"
_d1997
215 _a156, [3] с.
_cил.
_d21
320 _aБиблиогр.: с. 155-157 (12 назв.)
700 1 _aБашарин
_bГ.П.
_gГелий Павлович
801 0 _aRU
_bNLR
_gpsbo
801 1 _aRU
_bELAR
_2rusmarc
852 _aNLR
_j97-3/8333
942 _cBOOK
980 _aNB